Vitamin B12 : proceedings of the third European Symposium on Vitamin B12 and Intrinsic Factor, University of Zurich, March 5-8, 1979 /

Saved in:
Bibliographic Details
Corporate Author: European Symposium on Vitamin B₁₂ and Intrinsic Factor Zürich, Switzerland
Other Authors: Zagalak, B. (Boleslaw), 1936-, Friedrich, W. (Wilhelm), 1913-
Format: Conference Proceeding Book
Language:English
Published: Berlin : de Gruyter, 1979.
Subjects:
LEADER 01161nam a2200265 i 4500
001 c000304620
003 CARM
005 00000000000000.0
008 840305s1979 gw 0 eng d
019 1 |a 69847269  |5 LACONCORD2021 
020 |a 3110076683 
035 |a (OCoLC)5751140  |5 LACONCORD2021 
082 0 4 |a 612.399 
111 2 |a European Symposium on Vitamin B₁₂ and Intrinsic Factor  |n (3rd :  |d 1979 :  |c Zürich, Switzerland) 
245 1 0 |a Vitamin B12 :  |b proceedings of the third European Symposium on Vitamin B12 and Intrinsic Factor, University of Zurich, March 5-8, 1979 /  |c Editors: B. Zagalak, W. Friedrich. 
260 |a Berlin :  |b de Gruyter,  |c 1979. 
300 |a 1212p. :  |b ill. 
504 |a Bibliographical references. 
650 0 |a Vitamin B12  |x Congresses. 
650 0 |a Intrinsic factor (Physiology)  |x Congresses. 
700 1 |a Zagalak, B.  |q (Boleslaw),  |d 1936- 
700 1 |a Friedrich, W.  |q (Wilhelm),  |d 1913- 
852 8 |b CARM  |h A1:AQ34E0  |i C11158  |p 0500924  |f BK 
999 f f |i bb0a8f2a-eb59-5016-89a7-2669cacbd8be  |s ae862378-25f7-59c4-a3e7-3f4000186087 
952 f f |p Can circulate  |a CAVAL  |b CAVAL  |c CAVAL  |d CARM 1 Store  |e C11158  |f A1:AQ34E0  |h Other scheme  |i book  |m 0500924